000 00960nam a22003017a 4500
001 BR8600441
003 BR-BrBNA
005 20230928092225.0
007 ta
008 230509b bl.||||| |||| 00| 0 por d
040 _aBR-BrBNA
_bpor
_cBiblioteca Nacional de Agricultura
041 _a(Por)
072 _aH60; H50
_b3876
_b/G514
090 _ 3876 BR8600441
100 1 _aAlmeida, F.S. de
100 1 _aRodrigues, B.N.
245 1 _aGuia de herbicidas. Contribuicao para o uso adequado em plantio direto e convencional
246 1 _a[Guidebook of herbicides. A contribution for the adequate usage in direct and conventional planting]
260 3 _aLondrina, PR (Brasil):
_c1985.
300 _a468 p.
500 _aBibliography p. 395-399 (64 ref.); Glossary p. 401-410
650 _aHERBICIDA
650 _aERVA DANINHA
650 _aFITOTOXICIDADE
650 _aINTOXICACAO VEGETAL
909 _a202309
_bLucia
_c55
_dLucia Elande
942 _cBK
999 _c37767
_d37767